Úrad pre finančný trh - garant efektívne a transparentne fungujúceho poistného trhu
Úlohy a význam Úradu pre finančný trh. Fungovanie systému jedinej licencie. Pôsobenie slovenských poisťovní na trhu Európskej únie. Dohľad nad poisťovníctvom v súvislosti s príchodom zahraničných investorov. Integrovaný dohľad nad finančným trhom od 1.1.2006 preberá Národná banka Slovenska.
Gespeichert in:
| 1. Verfasser: | |
|---|---|
| Format: | Buchkapitel |
| Sprache: | Slowakisch |
| Schlagworte: | |
| Tags: |
Keine Tags, Fügen Sie das erste Tag hinzu!
|
MARC
| LEADER | 00000naa$a2200000$$$4500 | ||
|---|---|---|---|
| 001 | 0035850 | ||
| 005 | 20240502071449.2 | ||
| 041 | 0 | |a slo | |
| 044 | |a SK | ||
| 245 | 1 | 0 | |a Úrad pre finančný trh - garant efektívne a transparentne fungujúceho poistného trhu |c Erika Pastoráková |
| 520 | |a Úlohy a význam Úradu pre finančný trh. Fungovanie systému jedinej licencie. Pôsobenie slovenských poisťovní na trhu Európskej únie. Dohľad nad poisťovníctvom v súvislosti s príchodom zahraničných investorov. Integrovaný dohľad nad finančným trhom od 1.1.2006 preberá Národná banka Slovenska. | ||
| 610 | 2 | 0 | |a poisťovníctvo |
| 610 | 2 | 0 | |a poistenie |
| 610 | 2 | 0 | |a poistenie životné |
| 610 | 2 | 0 | |a poistenie neživotné |
| 610 | 2 | 0 | |a trh finančný |
| 610 | 2 | 0 | |a trh poistný |
| 610 | 2 | 0 | |a kontrola |
| 610 | 2 | 0 | |a Slovensko |
| 610 | 2 | 0 | |a Európska únia |
| 100 | 1 | |a Pastoráková, Erika, 1972- | |